000 00615nam a2200217 a 4500
001 BRCA_5291
005 20190320205023.0
008 021210s1907----enka######---#000-0#eng-#
041 _aeng
044 _aenk
050 4 _aPZ3
_b.D53B 1907
245 1 0 _aBarnaby Rudge
_cby Charles Dickens
260 _aLondres
_bThomas Nelson and Sons
_c1907
300 _a668 p.
_bil., 1 lámina
_c16 cm.
440 0 _aNew Century Library
_pThe works of Charles Dickens
_vXII
_913564
500 _aEdición con cabeza dorada
500 _aM5
650 1 4 _aLiteratura inglesa
_ySiglo XX
_913565
902 _aGFM
942 _2lcc
_cB
999 _c4985
_d4985